| 000 | 00347nam a2200133Ia 4500 | ||
|---|---|---|---|
| 008 | 240624s9999 xx 000 0 und d | ||
| 041 | _aeng | ||
| 082 | _a891.46 GOD | ||
| 100 | _aGODBOLE MADHAV | ||
| 245 | _aPHALANEECHE HATYAKANDA EK UTTARCHITKISA | ||
| 260 |
_c2007 _aRajhans Prakashan _bPune |
||
| 300 | _a529 : p. : cm. ; 21 | ||
| 365 |
_cRS _b20 |
||
| 999 |
_c16568 _d16568 |
||